|
|
|
|
| LEADER |
00000nam a22000007a 4500 |
| 005 |
20210426205719.0 |
| 007 |
cr|||| |||| |
| 008 |
210426s2016 br |||||s|||| 00||0 por d |
| 020 |
|
|
|a 978-85-64912-79-3
|
| 035 |
|
|
|a 33142
|
| 040 |
|
|
|a vLex
|
| 090 |
|
|
|c 11520
|d 11520
|
| 100 |
1 |
|
|a Ribeiro de Souza, Tatiana
|
| 245 |
1 |
1 |
|a O papel da ideologia na sociedade moderna
|h [Recurso electrn̤ico] /
|c Tatiana Ribeiro de Souza
|
| 256 |
|
|
|a Servicio en ln̕ea
|
| 260 |
|
|
|a Belo Horizonte:
|b Initia Via Editora,
|c 2016
|
| 300 |
|
|
|a 1 recurso electrn̤ico
|
| 506 |
1 |
|
|a Disponible solo en los productos indicados
|d vLex Global
|d vLex Global (Academic Edition, excluding Law Schools)
|d vLex Global (U.S. Academic Edition, Law Schools)
|d vLex Global (U.S. Academic Edition, excluding Law Schools)
|d vLex Global (Academic Edition, Law Schools)
|
| 650 |
0 |
4 |
|a Ciencias sociales
|z Brasil
|
| 740 |
0 |
|
|a vLex Libros (Servicio en ln̕ea)
|
| 856 |
4 |
0 |
|u https://vlex.com/source/papel-ideologia-sociedade-moderna-33142
|z Acceso restringido
|
| 942 |
|
|
|c BOOK
|
| 999 |
0 |
|
|a Social Sciences
|